University Home | Library Home | Institutional Repository

Ebony pictorial history of Black America, (Record no. 201139)

MARC details
000 -LEADER
fixed length control field 01076cam3a220027700 4500
001 - CONTROL NUMBER
control field lce00747085
008 - FIXED-LENGTH DATA ELEMENTS--GENERAL INFORMATION
fixed length control field 710729m19719999iluabch 001 0 eng
010 ## - LIBRARY OF CONGRESS CONTROL NUMBER
LC control number 71151797 //r842
020 ## - INTERNATIONAL STANDARD BOOK NUMBER
International Standard Book Number 0874850495
035 ## - SYSTEM CONTROL NUMBER
System control number (Sirsi) r30334
035 ## - SYSTEM CONTROL NUMBER
System control number (DLC) 71151797 //r842
035 ## - SYSTEM CONTROL NUMBER
System control number (UPRA)lce00747085
043 ## - GEOGRAPHIC AREA CODE
Geographic area code n-us---
050 0# - LIBRARY OF CONGRESS CALL NUMBER
Classification number E185
Item number .E23
082 ## - DEWEY DECIMAL CLASSIFICATION NUMBER
Classification number 973/.04/96073
245 00 - TITLE STATEMENT
Title Ebony pictorial history of Black America,
Statement of responsibility, etc. by the editors of Ebony. Introd. by Lerone Bennett, Jr.
260 ## - PUBLICATION, DISTRIBUTION, ETC.
Place of publication, distribution, etc. Chicago,
Name of publisher, distributor, etc. Johnson Pub.,
Date of publication, distribution, etc. 1971-
505 1# - FORMATTED CONTENTS NOTE
Formatted contents note v. 1. African past to the Civil War.--v. 2. Reconstruction to Supreme Court decision 1954.--v. 3. Civil rights movement to Black revolution.--v. 4. The 1973 year book.
650 #0 - SUBJECT ADDED ENTRY--TOPICAL TERM
Topical term or geographic name entry element Afro-Americans -- History.
General subdivision Afro-Americans -- History.
Linkage S290.2
730 0# - ADDED ENTRY--UNIFORM TITLE
Uniform title Ebony.
740 0# - ADDED ENTRY--UNCONTROLLED RELATED/ANALYTICAL TITLE
Uncontrolled related/analytical title Pictorial history of Black America.
949 ## - LOCAL PROCESSING INFORMATION (OCLC)
a E185
w lcc
i -34088
m MAIN
t BOOK
l ON-SHELF
949 ## - LOCAL PROCESSING INFORMATION (OCLC)
a E185
w lcc
i -34089
m MAIN
t BOOK
l ON-SHELF
949 ## - LOCAL PROCESSING INFORMATION (OCLC)
a E185
w lcc
i 33729002078926
m MAIN
t BOOK
l ON-SHELF

No items available.

© 2026 - The University of Zambia Library - Koha v25.11